00524nam a2200181 a 45000010010000000030011000100080041000210350026000620820017000881000018001052450021001232600051001446500011001959420012002069520089002189980020003079990015003270000-9144ELIB.Books110520 1962  a(ELIB.Books)0000-9296 a301.42 bFie aFields, W. J. aUnity in marrage bSaint Louis: Concordia Publishing House c1962 aSocial 2ddccBK 00102ddc4070aKBTSbKBTSd2011-05-20l0p517r2022-01-22 00:00:00w2022-01-22yBK cbate2011-05-20 c9144d9144